000 00558nam a2200205Ia 4500
005 20250522104247.0
008 008 250516s9999 xx 000 0 eng d
020 _a9781032493329
040 _aSDCL
_beng
_cSDCL
041 _aeng
_2eng
084 _aX:732:8, R4
_qSDCL
100 _aHines, Tony
_9752431
245 0 _aSupply chain strategies :
_bDemand driven and customer focused
250 _a3rd ed.
260 _aLondon:
_bRoutledge,
_c2024.
300 _axv,399p.
365 _aUKP
_b56.99
650 _aOperational Research
942 _cTEXL
999 _c1429730
_d1429730